00383nam a2200145 a 450000100060000000300090000600800410001504000280005608200170008410000290010124500260013026000550015630000070021165000190021813285CO-ViMGA141112s2004 ck r 000 u spa d aCO-ViMGAbspacCO-ViMGA04aCh 861 C783b1 aCruchaga de Walker, ROSA10aBajo la piel del Aire aSantiago de Chile : bEditorial Nacimiento, c1978 a7014aPOESIA CHILENA